000 00954nam0a2200289 i 4500
001 RU\NLR\BIBL_A\010575128
005 20240921143357.0
010 _a9785170820757
_94000
021 _aRU
_b2014-82939
_95038
035 _a(NILC)RuMoRGB-007575928
035 _a(NLR Aleph) 010575128
090 _a10438450
_c10438450
100 _a20141223d2014 u y0rusy50 ca
101 1 _arus
_ceng
102 _aRU
105 _ay|||z||||||y|
200 1 _aПрежде чем я усну
_fС. Дж. Уотсон
_gпер. с англ. Александры Финогеновой
210 _aМосква
_cCORPUS
_cАСТ
_d2014
215 _a444, [3] с.
_d21
686 1 _aШ6(4Вл)67-440.4(Лх1299-50)
700 1 _7ca
_8rus
_aУотсон
_bС. Д.
_f1971-
_gС. Дж.
_9219003
_3RU\NLR\AUTH\770219059
801 0 _aRU
_bРГБ
_c20141030
_gRCR
942 _cBOOK
980 _aNBR